| 000 | nam a22 7a 4500 | ||
|---|---|---|---|
| 999 |
_c129415 _d129415 |
||
| 008 | 190423b xxu||||| |||| 00| 0 eng d | ||
| 020 | _a0-89453-682-6 | ||
| 050 | _aBT127.H371 1988 | ||
| 100 |
_aHaught, John F. _945855 |
||
| 245 |
_aThe revelation of God in history _c/ by John F. Haught |
||
| 260 |
_aWilmington: _bMichael Glazier, _cc1988. |
||
| 300 |
_a104p. ; _c22cm. |
||
| 440 |
_aZacchaeus studies: Theology _x0-89453-682-6-X _945856 |
||
| 942 |
_2lcc _cMONOGRAPH |
||